ნორმალური ფორმატი
MARC ფორმატი
ჩანაწერი Corporate Name
ჩანაწერთა რაოდენობა, რომელიც გამოყენებულია: 1
001 - CONTROL NUMBER
- control field: 12019
003 - CONTROL NUMBER IDENTIFIER
- control field: GE_BSU
005 - DATE AND TIME OF LATEST TRANSACTION
- control field: 20210610181801.0
008 - FIXED-LENGTH DATA ELEMENTS
- fixed length control field: 210610|| aca||aabn | a|a d
040 ## - CATALOGING SOURCE
- Original cataloging agency: GE_BSU
- Transcribing agency: GE_BSU
110 ## - HEADING--CORPORATE NAME
- Corporate name or jurisdiction name as entry element: ვინფრიდ შუშკე, იან ტოლკმიტი
- Relator term: ავტორი
670 ## - SOURCE DATA FOUND
- Source citation: Work cat.: (GE_BSU)53841: შნიტგერი, ჰაინრიჰ 1696, საკრედიტო სამართალი : დელიქტური სამართალი, სააღსრულებო სამართალი ინტელექტუალური საკუთრების სამართალი :
